[Event "Albena op"]
[Site "Albena"]
[Date "2017.06.17"]
[Round "1"]
[White "Bernadskiy, Vitaliy"]
[Black "Vershigora, Yury"]
[Result "1-0"]
[WhiteElo "2533"]
[BlackElo "1946"]
[PlyCount "91"]
[EventDate "2017.06.17"]
[EventType "swiss"]
[EventRounds "9"]
[EventCountry "BUL"]
[SourceTitle "CBM 179 Extra"]
[Source "ChessBase"]
[SourceDate "2017.08.23"]
[SourceVersion "1"]
[SourceVersionDate "2017.08.23"]
[SourceQuality "1"]

1. e4 c5 2. Nf3 e6 3. d4 cxd4 4. Nxd4 Nf6 5. Nc3 d6 6. g4 h6 7. Bg2 a6 8. h3 Qc7 9. 0-0 Nc6 10. Be3 Bd7 11. f4 Nxd4 12. Bxd4 Bc6 13. Qe2 e5 14. Be3 b5 15. a3 Qb7 16. Qd3 Be7 17. g5 Nh5 18. fxe5 dxe5 19. gxh6 g5 20. Nd5 Nf4 21. Bxf4 gxf4 22. Qc3 f6 23. Kh2 Rxh6 24. Rad1 Rc8 25. Qb3 Kf8 26. Qf3 Be8 27. Rd2 Bh5 28. Qd3 Qc6 29. Bf3 Qe6 30. Bxh5 Rxh5 31. Rg1 Bd8 32. Qf3 Rg5 33. Rdg2 Qg8 34. c3 Rc6 35. a4 Bb6 36. Nxb6 Rxb6 37. Rxg5 fxg5 38. Qg4 Rg6 39. Qc8+ Kf7 40. Qf5+ Rf6 41. Qd7+ Kf8 42. Qc8+ Kf7 43. Qc7+ Kf8 44. Rd1 Re6 45. Rd8+ Re8 46. Qd6+ 1-0

[Event "Chernivtsi op"]
[Site "Chernivtsi"]
[Date "2016.07.22"]
[Round "6"]
[White "Vershigora, Yury"]
[Black "Roenko, Artur"]
[Result "0-1"]
[WhiteElo "1931"]
[BlackElo "2123"]
[PlyCount "142"]
[EventDate "2016.07.19"]
[EventType "swiss"]
[EventRounds "9"]
[EventCountry "UKR"]
[SourceTitle "CBM 173 Extra"]
[Source "ChessBase"]
[SourceDate "2016.08.29"]
[SourceVersion "1"]
[SourceVersionDate "2016.08.29"]
[SourceQuality "1"]

1. Nf3 d5 2. d4 c6 3. Bf4 Nf6 4. Nbd2 Bf5 5. c3 h6 6. h3 e6 7. Qb3 Qb6 8. Qxb6 axb6 9. a3 b5 10. Bxb8 Rxb8 11. Ne5 Ra8 12. Rc1 Nd7 13. Nxd7 Kxd7 14. e3 Bd6 15. Be2 f6 16. Nb3 b6 17. Kd2 Bg6 18. Bd3 Be8 19. h4 h5 20. Rh3 Ke7 21. Na1 Bd7 22. Rhh1 c5 23. Nc2 Ra4 24. Ne1 b4 25. axb4 cxb4 26. c4 b3 27. cxd5 exd5 28. Bb1 Bb4+ 29. Ke2 Bb5+ 30. Nd3 Kd6 31. Rhd1 Bc4 32. Kf3 Ba5 33. Nf4 g5 34. hxg5 fxg5 35. Ng6 Rg8 36. Rh1 Ra1 37. Ne5 Rf8+ 38. Kg3 h4+ 39. Kg4 Rxf2 40. Kxg5 Rxb2 41. Bf5 Rxg2+ 42. Kxh4 Rxc1 43. Rxc1 Bd2 44. Nxc4+ dxc4 45. Rxc4 b2 46. Be4 Ba5 47. Rc6+ Kd7 48. Rg6 Rh2+ 49. Kg5 Rh1 50. Rg7+ Kd8 51. Kf5 b1Q 52. Bxb1 Rxb1 53. d5 Bc3 54. Rb7 Rf1+ 55. Ke4 Rf6 56. Kd3 Be5 57. Rh7 Kc8 58. Rh5 Bd6 59. e4 Bc5 60. e5 Rf7 61. Kc4 Rg7 62. Kb5 Kd7 63. Rf5 Re7 64. Kc4 Rh7 65. Kb5 Bd4 66. Rg5 Re7 67. d6 Rh7 68. Kc4 Be3 69. Kd5 Bxg5 70. Kc4 Be3 71. Kb5 Rh4 0-1

[Event "Chernivtsi op"]
[Site "Chernivtsi"]
[Date "2016.07.21"]
[Round "5"]
[White "Vershigora, Yury"]
[Black "Korduban, Valerij"]
[Result "1-0"]
[WhiteElo "1931"]
[BlackElo "2082"]
[PlyCount "139"]
[EventDate "2016.07.19"]
[EventType "swiss"]
[EventRounds "9"]
[EventCountry "UKR"]
[SourceTitle "CBM 173 Extra"]
[Source "ChessBase"]
[SourceDate "2016.08.29"]
[SourceVersion "1"]
[SourceVersionDate "2016.08.29"]
[SourceQuality "1"]

1. Nf3 g6 2. c4 Bg7 3. Nc3 c5 4. d4 cxd4 5. Nxd4 Nc6 6. Nxc6 dxc6 7. Qxd8+ Kxd8 8. Bd2 Kc7 9. h3 f5 10. 0-0-0 e5 11. g3 Be6 12. e4 Nf6 13. b3 Rhd8 14. Be3 Rxd1+ 15. Kxd1 h5 16. Bd3 h4 17. Rg1 hxg3 18. Rxg3 f4 19. Rxg6 Bh8 20. Bc5 Nd7 21. Ba3 Bf6 22. Bf1 Rh8 23. Be7 Rg8 24. Rxg8 Bxg8 25. Bxf6 Nxf6 26. Be2 Bh7 27. Bf3 Kd6 28. Kd2 Kc5 29. a3 a5 30. Kd3 b5 31. Nb1 Bg8 32. Nd2 Nd7 33. cxb5 cxb5 34. Bg4 Nf6 35. Bf5 Bf7 36. Kc3 b4+ 37. axb4+ axb4+ 38. Kd3 Ng8 39. Kc2 Ne7 40. Bd7 Kd6 41. Bb5 Kc5 42. Bc4 Bh5 43. Kd3 Nc6 44. Be6 Nd4 45. Bg4 Be8 46. Bd1 Bb5+ 47. Nc4 f3 48. h4 Bxc4+ 49. bxc4 b3 50. Kc3 b2 51. Kxb2 Kxc4 52. h5 Ne2 53. h6 Nf4 54. h7 Ng6 55. Bxf3 Kd3 56. Kc1 Nh8 57. Kd1 Ng6 58. Ke1 Nh8 59. Kf1 Kd4 60. Kg2 Kc5 61. Kg3 Kd6 62. Bh5 Ke6 63. Kg4 Kf6 64. f3 Kg7 65. Kf5 Kxh7 66. Kxe5 Kh6 67. Be8 Kg7 68. f4 Kf8 69. Bh5 Ke7 70. f5 1-0

[Event "Albena op-A"]
[Site "Albena"]
[Date "2016.06.23"]
[Round "6"]
[White "Vershigora, Yury"]
[Black "Korduban, Valerij"]
[Result "0-1"]
[WhiteElo "1902"]
[BlackElo "2112"]
[PlyCount "30"]
[EventDate "2016.06.18"]
[EventType "swiss"]
[EventRounds "9"]
[EventCountry "BUL"]
[SourceTitle "CBM 173 Extra"]
[Source "ChessBase"]
[SourceDate "2016.08.29"]
[SourceVersion "1"]
[SourceVersionDate "2016.08.29"]
[SourceQuality "1"]

1. Nf3 d5 2. d4 Nf6 3. Bf4 Bg4 4. Ne5 Bh5 5. c3 e6 6. Qb3 Qc8 7. Nd2 Bd6 8. e3 Nfd7 9. Nxd7 Bxf4 10. Nxb8 Bd6 11. Bb5+ Ke7 12. Nc6+ bxc6 13. Bxc6 Rb8 14. Qc2 Qa6 15. Ba4 Qe2# 0-1

[Event "Lutsk Nebesna Sotnya Memorial blitz"]
[Site "Lutsk"]
[Date "2016.02.19"]
[Round "2"]
[White "Vershigora, Yury"]
[Black "Kuzubov, Yuriy"]
[Result "0-1"]
[WhiteElo "1902"]
[BlackElo "2635"]
[PlyCount "44"]
[EventDate "2016.02.19"]
[EventType "swiss (blitz)"]
[EventRounds "22"]
[EventCountry "UKR"]
[SourceTitle "CBM 170 Extra"]
[Source "ChessBase"]
[SourceDate "2016.02.25"]
[SourceVersion "1"]
[SourceVersionDate "2016.02.25"]
[SourceQuality "1"]

1. d4 Nf6 2. c4 e6 3. g3 d5 4. Bg2 dxc4 5. Nf3 Nc6 6. Nc3 Rb8 7. a4 Bb4 8. 0-0 0-0 9. Bg5 h6 10. Bxf6 Qxf6 11. e3 Rd8 12. Qc2 e5 13. dxe5 Nxe5 14. Nxe5 Qxe5 15. Nb5 a6 16. Nd4 c5 17. Nf3 Qf6 18. Rab1 Bg4 19. Ne1 b5 20. h3 Rd2 21. Qc1 Be2 22. Nc2 Bxf1 0-1

[Event "UKR-ch sf"]
[Site "Alushta"]
[Date "2011.05.09"]
[Round "7"]
[White "Kasumov, Ramyl"]
[Black "Vershigora, Yury"]
[Result "0-1"]
[WhiteElo "1894"]
[BlackElo "1988"]
[PlyCount "88"]
[EventDate "2011.05.03"]
[EventType "swiss"]
[EventRounds "9"]
[EventCountry "UKR"]
[SourceTitle "CBM 142 Extra"]
[Source "ChessBase"]
[SourceDate "2011.06.27"]
[SourceVersion "1"]
[SourceVersionDate "2011.06.27"]
[SourceQuality "1"]

1. e4 c5 2. Nf3 d6 3. d4 cxd4 4. Nxd4 Nf6 5. Nc3 Bd7 6. f3 a6 7. a4 Nc6 8. Be3 e6 9. Be2 Be7 10. Nb3 Na5 11. Nd2 0-0 12. 0-0 Rc8 13. Qe1 Nc6 14. Qf2 d5 15. Bb6 Qe8 16. Kh1 Bd6 17. f4 dxe4 18. Ncxe4 Be7 19. c4 Nb8 20. b3 Bc6 21. Nxf6+ Bxf6 22. Rad1 Nd7 23. Be3 Qd8 24. Bf3 Qc7 25. Bxc6 Qxc6 26. Nf3 e5 27. fxe5 Nxe5 28. Nxe5 Bxe5 29. Rd5 f6 30. Rfd1 Rfe8 31. a5 Qe6 32. R1d3 Bc7 33. h3 Re7 34. Kg1 Rce8 35. Qd2 Qe4 36. Qf2 Bxa5 37. R5d4 Qg6 38. c5 Bc7 39. Kf1 Re5 40. Ke2 Rxc5 41. Kd2 Ra5 42. Ra4 Rxa4 43. bxa4 Qe4 44. Rd4 Ba5+ 0-1

[Event "UKR-ch sf"]
[Site "Alushta"]
[Date "2011.05.05"]
[Round "3"]
[White "Kigel, Dmytro"]
[Black "Vershigora, Yury"]
[Result "1-0"]
[WhiteElo "2198"]
[BlackElo "1988"]
[PlyCount "211"]
[EventDate "2011.05.03"]
[EventType "swiss"]
[EventRounds "9"]
[EventCountry "UKR"]
[SourceTitle "CBM 142 Extra"]
[Source "ChessBase"]
[SourceDate "2011.06.27"]
[SourceVersion "1"]
[SourceVersionDate "2011.06.27"]
[SourceQuality "1"]

1. d4 d5 2. c4 Nc6 3. Nf3 Bg4 4. Nc3 dxc4 5. d5 Bxf3 6. gxf3 Nb8 7. e4 c6 8. Bxc4 Nf6 9. Bf4 g6 10. Qb3 Qb6 11. dxc6 Qxb3 12. axb3 bxc6 13. Bxb8 Rxb8 14. Rxa7 e6 15. Rc7 Bh6 16. Rxc6 0-0 17. 0-0 Rfd8 18. Rd1 Bf4 19. Rxd8+ Rxd8 20. b4 Nh5 21. Ne2 Be5 22. b3 Nf4 23. Nxf4 Bxf4 24. Ra6 h5 25. b5 h4 26. Kg2 Kg7 27. Ra7 Kf6 28. Ra2 Ke5 29. Be2 Kf6 30. Rc2 Rd2 31. Rxd2 Bxd2 32. Kh3 g5 33. Kg4 Bf4 34. h3 Kg6 35. Bd3 Kh6 36. b6 Bb8 37. Bb5 Bf4 38. Bc4 Kg6 39. Bd3 Kh6 40. Bb5 Kg6 41. Be8 Kf6 42. b7 Ke7 43. Bb5 f6 44. Bc4 Bb8 45. Kh5 Bh2 46. Bb5 Bb8 47. Kg6 Be5 48. b4 Bb8 49. Ba4 Be5 50. Kh7 Kf7 51. Bb3 Bb8 52. Kh6 Be5 53. Kh7 Bb8 54. Ba2 Bc7 55. Kh8 Bb8 56. Kh7 Bc7 57. Kh6 Bb8 58. Kh5 Bf4 59. Kg4 Ke7 60. Bb3 Kf7 61. Bc4 Ke7 62. Kh5 Kf7 63. Ba2 Ke7 64. Kg6 Be5 65. Kh6 Bb8 66. Kh5 Bf4 67. Kg6 Be5 68. f4 Bxf4 69. Kh5 Be5 70. Kg4 Kd7 71. Kf3 Bf4 72. Ke2 Kc7 73. Bxe6 Kxb7 74. Bd7 Kc7 75. Be8 Kb6 76. b5 Kc5 77. Bc6 Bh2 78. Kf3 Bc7 79. Kg4 Bf4 80. Kh5 Kb6 81. Kg6 Be5 82. Kf7 Kc7 83. Ke7 Bd4 84. f3 Be5 85. Bd5 Bc3 86. Bc4 Be5 87. Ke6 Kb6 88. Bd3 Kc5 89. Kf5 Kd4 90. Bf1 Kc5 91. f4 gxf4 92. Kg4 Kd4 93. Kxh4 Kxe4 94. Kg4 f3 95. h4 Bf4 96. Bc4 f2 97. Bf1 f5+ 98. Kh5 Bg3 99. Kg5 f4 100. h5 f3 101. h6 Bf4+ 102. Kg6 Ke3 103. h7 Be5 104. Kf5 Bc3 105. b6 Kd2 106. Ke4 1-0

[Event "UKR-ch sf"]
[Site "Alushta"]
[Date "2011.05.03"]
[Round "1"]
[White "Izhnin, A."]
[Black "Vershigora, Yury"]
[Result "1-0"]
[WhiteElo "2353"]
[BlackElo "1988"]
[PlyCount "43"]
[EventDate "2011.05.03"]
[EventType "swiss"]
[EventRounds "9"]
[EventCountry "UKR"]
[SourceTitle "CBM 142 Extra"]
[Source "ChessBase"]
[SourceDate "2011.06.27"]
[SourceVersion "1"]
[SourceVersionDate "2011.06.27"]
[SourceQuality "1"]

1. Nf3 Nf6 2. c4 b6 3. g3 Bb7 4. Bg2 e5 5. 0-0 d6 6. Nc3 Be7 7. d4 exd4 8. Qxd4 Nc6 9. Qf4 0-0 10. b3 Qd7 11. Bb2 Rae8 12. Nd5 Nxd5 13. cxd5 Nb8 14. Rfd1 Bc8 15. Rac1 Bd8 16. e3 Qg4 17. Qxg4 Bxg4 18. h3 Bc8 19. Nd4 a6 20. e4 Bb7 21. Nf5 g6 22. Nh6# 1-0